| 000 | 01579nam a2200301Ia 4500 | ||
|---|---|---|---|
| 003 | OSt | ||
| 005 | 20201210161357.0 | ||
| 008 | 191128s2015 ck a gr 000 0 spa d | ||
| 020 | _a9789588930190 | ||
| 040 |
_aCO-JMCR _cCO-JMCR |
||
| 041 | 0 | _aspa | |
| 082 | 0 | 4 |
_a658.404 / _bR541f _223 |
| 100 | 1 |
_aRico Calvano, Florentino, _eautor _912197 |
|
| 245 | 1 | 0 |
_aFormulación y evaluación de proyectos : _b soporte de la planeación / _cFlorentino Rico Calvano, Florentino Rico Fontalvo, Heidy Rico Fontalvo, Pablo Peralta Miranda |
| 260 |
_aBarranquilla : _bUniversidad Simón Bolivar, _c2015 |
||
| 300 |
_a331 páginas : _btablas ; _c24 cm. |
||
| 500 | _aIncluye referencias bibliográficas. | ||
| 505 | 0 | _aModelo de planteamineto de un proyecto propuesta construcción de zonas recreativas en la ciudad de Cartagena -- Estudio de mercado -- Estudio técnico -- Localización del proyecto -- Ingeniería del proyecto -- Aspectos financieros en la formulación | |
| 520 | 0 | _aLas organizaciones se enfrentan a varios retos: obsolescencia de los diseños de negocios; aparición de nuevos competidores; disminución del umbral de comercialización; reducción del ciclo de vida de los productos y servicios. | |
| 650 | 2 | 4 |
_aEvaluación de proyectos _92814 |
| 650 | 2 | 4 |
_aProyectos de desarrollo _94149 |
| 650 | 2 | 4 |
_aAdministración de proyectos _912200 |
| 650 | 2 | 4 |
_aElaboración de proyectos _912391 |
| 700 | 1 |
_aRico, Florentino, _eautor _912519 |
|
| 700 | 1 |
_aRico Fontalvo, Heidy, _eautor _912520 |
|
| 700 | 1 |
_aPeralta Miranda, Pablo, _eautor _912521 |
|
| 942 |
_2ddc _cBK |
||
| 999 |
_c3862 _d3862 |
||